书目信息 |
| 题名: |
小型工厂给水与排水
|
|
| 作者: | 黄玉坤 , 刘汝义 编 | |
| 分册: | ||
| 出版信息: | 北京 水利电力出版社 1987 |
|
| 页数: | 300页 | |
| 开本: | 19cm | |
| 丛书名: | ||
| 单 册: | ||
| 中图分类: | TU991.4 | |
| 科图分类: | ||
| 主题词: | 给水-工厂 , 工厂-排水 , 排水-工厂 , 工厂-给水 | |
| 电子资源: | ||
| ISBN: | 7-120-00064-0 | |
| 000 | 00719nam0 2200265 45 | |
| 001 | 0187018204 | |
| 005 | 20060810112400.40 | |
| 010 | @a7-120-00064-0@dCNY2.20 | |
| 100 | @a19900928d1987 em y0chiy0121 ea | |
| 101 | 0 | @achi |
| 102 | @aCN@b110000 | |
| 105 | @ay z 000yy | |
| 200 | 10 | @a小型工厂给水与排水@Axiao xing gong chang ji shui yu pai shui@f刘汝义, 黄玉坤编 |
| 210 | @a北京@c水利电力出版社@d1987 | |
| 215 | @a300页@d19cm | |
| 606 | @a给水-工厂 | |
| 606 | @a工厂-排水 | |
| 606 | @a排水-工厂 | |
| 606 | @a工厂-给水 | |
| 690 | @aTU991.4@v3 | |
| 701 | 0 | @a黄玉坤@Ahuang yu kun@4编 |
| 701 | 0 | @a刘汝义@Aliu ru yi@4编 |
| 801 | 2 | @aCN@bNLC@c20060810 |
| 801 | 0 | @aCN@bTSSF |
| 905 | @a10447@dTU991.4@e291 | |
| 小型工厂给水与排水/刘汝义, 黄玉坤编.-北京:水利电力出版社,1987 |
| 300页;19cm |
| ISBN 7-120-00064-0:CNY2.20 |
| ● |
| 相关链接 |
|
|
|
|
正题名:小型工厂给水与排水
索取号:TU991.4/291
 
预约/预借
| 序号 | 登录号 | 条形码 | 馆藏地/架位号 | 状态 | 备注 |
| 1 | 0452146 | 204521464 | 密集书库/ [索取号:TU991.4/291] | 在馆 |